[Event "Noisiel op 10th"]
[Site "Noisiel"]
[Date "2025.04.13"]
[Round "3"]
[White "Rodriguez, Adrien"]
[Black "Orfila, Kristofer"]
[Result "1/2-1/2"]
[WhiteElo "2395"]
[BlackElo "2190"]
[PlyCount "59"]
[EventDate "2025.04.12"]
[EventType "swiss"]
[EventRounds "9"]
[EventCountry "FRA"]
[SourceTitle "CB17_2025"]
[SourceDate "2025.04.23"]
[SourceVersion "1"]
[SourceVersionDate "2025.04.23"]
[SourceQuality "1"]

1. d4 Nf6 2. c4 e6 3. g3 d5 4. Bg2 Be7 5. Nf3 0-0 6. 0-0 a5 7. Qc2 Nc6 8. a3 dxc4 9. Qxc4 a4 10. Nc3 Bd7 11. Bf4 Na5 12. Qd3 Nd5 13. Bd2 Nb3 14. Rad1 Nxd2 15. Nxd2 Nxc3 16. Qxc3 Bb5 17. Rfe1 c6 18. e3 Qc7 19. Rc1 Rfc8 20. Ne4 h6 21. h4 Qa5 22. Qc2 Qa6 23. Red1 Qa7 24. Nc3 Qa6 25. Nxb5 Qxb5 26. Bf1 Qa5 27. Bc4 Rd8 28. Qe4 Qh5 29. Kg2 Ra5 30. Bd3 1/2-1/2

[Event "Noisiel op 10th"]
[Site "Noisiel"]
[Date "2025.04.12"]
[Round "1"]
[White "Rodriguez, Adrien"]
[Black "Harshit, Amarnani"]
[Result "1/2-1/2"]
[WhiteElo "2395"]
[BlackElo "2109"]
[PlyCount "82"]
[EventDate "2025.04.12"]
[EventType "swiss"]
[EventRounds "9"]
[EventCountry "FRA"]
[SourceTitle "CB17_2025"]
[SourceDate "2025.04.23"]
[SourceVersion "1"]
[SourceVersionDate "2025.04.23"]
[SourceQuality "1"]

1. d4 Nf6 2. c4 e6 3. g3 d5 4. Bg2 Bb4+ 5. Bd2 Be7 6. Nf3 0-0 7. 0-0 c6 8. Qc2 Nbd7 9. Rd1 b6 10. Bf4 Ba6 11. cxd5 cxd5 12. Nc3 b5 13. a3 Qb6 14. Ne5 Rac8 15. Qb3 Rfd8 16. Bf3 Nxe5 17. Bxe5 Nd7 18. Bf4 Bf6 19. a4 b4 20. a5 Qb7 21. Na2 Be7 22. Nc1 Bc4 23. Qe3 b3 24. Nd3 Nb8 25. Bg5 Na6 26. Bxe7 Qxe7 27. Qd2 Rb8 28. Rdc1 Rdc8 29. e3 Qd8 30. Bd1 Rb5 31. Ra3 Rcb8 32. Ne5 Qc7 33. Be2 Rb4 34. Nd3 R4b5 35. Ne5 Rb4 36. Nd3 R4b5 37. Ra4 Qb7 38. Ne5 Bxe2 39. Qxe2 Nb4 40. Rc5 Rxc5 41. dxc5 Qc7 1/2-1/2

[Event "Liffre op"]
[Site "Liffre"]
[Date "2024.10.22"]
[Round "5"]
[White "Das, Arghyadip"]
[Black "Rodriguez, Adrien"]
[Result "0-1"]
[WhiteElo "2393"]
[BlackElo "2376"]
[PlyCount "136"]
[EventDate "2024.10.19"]
[EventType "swiss"]
[EventRounds "9"]
[EventCountry "FRA"]
[SourceTitle "CB44_2024"]
[Source "Chessbase"]
[SourceDate "2024.10.30"]
[SourceVersion "1"]
[SourceVersionDate "2024.10.30"]
[SourceQuality "1"]

1. e4 c5 2. Nf3 e6 3. d4 cxd4 4. Qxd4 Nc6 5. Qe3 b6 6. Nc3 Bb7 7. Bd3 Bc5 8. Qf4 Nge7 9. Nb5 d6 10. Qg3 0-0 11. a3 a6 12. Nc3 b5 13. h4 f6 14. Ne2 e5 15. c4 Rc8 16. Nc3 Nd4 17. cxb5 Nxb5 18. Nxb5 axb5 19. 0-0 Qe8 20. Re1 Bc6 21. Bd2 Bd7 22. Rac1 Qf7 23. Rc3 Bb6 24. Rxc8 Rxc8 25. Bb4 Bc5 26. Bc3 Bxa3 27. Nd2 Bc5 28. Nf1 f5 29. exf5 Nxf5 30. Bxf5 Bxf5 31. Qf3 Be6 32. Qxf7+ Kxf7 33. Ng3 b4 34. Bd2 Bd5 35. Nf5 g6 36. Ne3 Be6 37. Ra1 Rb8 38. Kf1 Bb3 39. Ke2 Ke6 40. f3 Bd4 41. Kd3 h5 42. f4 Rb6 43. Re1 Bd5 44. g4 hxg4 45. Nxg4 Bf3 46. fxe5 dxe5 47. Ne3 Bb7 48. Rg1 Ke7 49. b3 Ba6+ 50. Ke4 Kf7 51. Rg5 Bc3 52. Bxc3 bxc3 53. Rxe5 Rb4+ 54. Kf3 Rxb3 55. Rc5 Bd3 56. Rc6 Ke8 57. Kf4 Kd7 58. Rc5 Bb1 59. Ke5 Rb4 60. Rxc3 Rxh4 61. Rb3 Rh1 62. Kf4 Rg1 63. Rb7+ Ke6 64. Rb6+ Kd7 65. Rb7+ Kc6 66. Rb2 Kc5 67. Rd2 g5+ 68. Kf3 Kc6 0-1

[Event "Paris-ch IdF"]
[Site "Villemomble"]
[Date "2024.07.12"]
[Round "7"]
[White "Villiers, Thomas"]
[Black "Rodriguez, Adrien"]
[Result "1-0"]
[WhiteElo "2229"]
[BlackElo "2354"]
[PlyCount "99"]
[EventDate "2024.07.07"]
[EventType "swiss"]
[EventRounds "9"]
[EventCountry "FRA"]
[SourceTitle "EXT 2025"]
[Source "ChessBase"]
[SourceDate "2024.10.14"]
[SourceVersion "1"]
[SourceVersionDate "2024.10.14"]
[SourceQuality "1"]

1. e4 c5 2. Nf3 e6 3. d4 cxd4 4. Nxd4 a6 5. Bd3 Bc5 6. Nb3 Ba7 7. 0-0 Ne7 8. N1d2 Qc7 9. e5 Qxe5 10. Nc4 Qc7 11. Re1 Nbc6 12. Qg4 Kf8 13. Bf4 Qd8 14. Bd6 Kg8 15. Rad1 Ng6 16. Be4 Qf6 17. Qg3 h5 18. Nc5 h4 19. Qb3 b5 20. Bxc6 dxc6 21. Na5 Qf5 22. Qd3 Qxd3 23. Rxd3 Rh5 24. b4 Bb6 25. Nxc6 a5 26. a3 axb4 27. axb4 Ra2 28. c3 Rf5 29. Rf1 Rd5 30. Rxd5 exd5 31. Nd4 h3 32. Re1 Nf8 33. Nxb5 Rc2 34. Be5 Ne6 35. Nd4 Nxd4 36. Bxd4 Bf5 37. Nb3 Bc7 38. gxh3 Bxh3 39. Re3 Bf5 40. Re8+ Kh7 41. Re7 Rb2 42. Rxc7 Rxb3 43. Rxf7 Bh3 44. Rxg7+ Kh6 45. f4 Rb2 46. Rg5 Be6 47. h4 Rb1+ 48. Kg2 Bf7 49. f5 Be8 50. Rg8 1-0

[Event "Paris-ch IdF"]
[Site "Villemomble"]
[Date "2024.07.08"]
[Round "3"]
[White "Ralison, Milanto Harifidy"]
[Black "Rodriguez, Adrien"]
[Result "0-1"]
[WhiteElo "2264"]
[BlackElo "2354"]
[PlyCount "114"]
[EventDate "2024.07.07"]
[EventType "swiss"]
[EventRounds "9"]
[EventCountry "FRA"]
[SourceTitle "EXT 2025"]
[Source "ChessBase"]
[SourceDate "2024.10.14"]
[SourceVersion "1"]
[SourceVersionDate "2024.10.14"]
[SourceQuality "1"]

1. e4 c5 2. Nf3 e6 3. d4 cxd4 4. Nxd4 a6 5. Nc3 b5 6. a3 Bb7 7. Be3 Nc6 8. Nxc6 Bxc6 9. g3 Nf6 10. Bg2 Qb8 11. 0-0 Be7 12. Re1 0-0 13. Bf4 Qb7 14. Bd6 Bxd6 15. Qxd6 Rfc8 16. Rad1 Ne8 17. Qd2 d6 18. Na2 Qc7 19. Nb4 Bb7 20. c3 Rd8 21. f4 Nf6 22. Qe2 Qc5+ 23. Kh1 a5 24. Nd3 Qb6 25. h3 Rac8 26. Kh2 Rc4 27. e5 Ne8 28. exd6 Bxg2 29. Qxg2 Nxd6 30. Ne5 Rcc8 31. Qe2 Nc4 32. Nxc4 bxc4 33. Rg1 g6 34. Rg2 Rxd1 35. Qxd1 Rd8 36. Qe2 Qc6 37. h4 Rd5 38. Qe3 Qd6 39. Qe4 Qc5 40. Qe2 h5 41. Qe1 Rd3 42. Qe2 Qd5 43. Qf2 Rd1 44. Qe2 Kh7 45. Qf2 Qd3 46. Qe2 a4 47. Qxd3 cxd3 48. Rf2 d2 49. Kg2 Rg1+ 50. Kxg1 d1Q+ 51. Kg2 Qd5+ 52. Kf1 Qd3+ 53. Kg2 Kg7 54. Kh3 Kf6 55. Kh2 Kf5 56. Kh3 f6 57. Rg2 e5 0-1

[Event "Cambrai"]
[Site "Cambrai"]
[Date "2024.07.01"]
[Round "4"]
[White "Boyer, Mahel"]
[Black "Rodriguez, Adrien"]
[Result "1/2-1/2"]
[WhiteElo "2455"]
[BlackElo "2354"]
[PlyCount "53"]
[EventDate "2024.06.02"]
[EventType "tourn"]
[EventRounds "9"]
[EventCountry "FRA"]
[EventCategory "4"]
[SourceTitle "CBM 221 Extra"]
[Source "ChessBase"]
[SourceDate "2024.09.30"]
[SourceVersion "1"]
[SourceVersionDate "2024.09.30"]
[SourceQuality "1"]

1. e4 c5 2. d3 Nc6 3. g3 d5 4. exd5 Qxd5 5. Nf3 Bg4 6. Bg2 Nf6 7. h3 Bxf3 8. Bxf3 Qd7 9. Bg2 e6 10. 0-0 Be7 11. a4 0-0 12. Na3 Rac8 13. Nc4 Nd5 14. c3 Rfd8 15. Qb3 Rb8 16. a5 b5 17. axb6 axb6 18. Qb5 Ne5 19. Qxd7 Nxd7 20. Ra7 Bf6 21. Rd1 Ne5 22. Be4 Nxc3 23. bxc3 Nxc4 24. Bf4 Nd6 25. Rc1 g5 26. Bxd6 Rxd6 27. Ra6 1/2-1/2

[Event "Cambrai"]
[Site "Cambrai"]
[Date "2024.07.01"]
[Round "5"]
[White "Rodriguez, Adrien"]
[Black "Lucas, Arthur"]
[Result "1-0"]
[WhiteElo "2354"]
[BlackElo "2323"]
[PlyCount "103"]
[EventDate "2024.06.02"]
[EventType "tourn"]
[EventRounds "9"]
[EventCountry "FRA"]
[EventCategory "4"]
[SourceTitle "CBM 221 Extra"]
[Source "ChessBase"]
[SourceDate "2024.09.30"]
[SourceVersion "1"]
[SourceVersionDate "2024.09.30"]
[SourceQuality "1"]

1. d4 Nf6 2. c4 c5 3. d5 g6 4. Nc3 Bg7 5. Nf3 d6 6. g3 0-0 7. Bg2 e6 8. 0-0 Re8 9. dxe6 Bxe6 10. Ng5 Nc6 11. Nxe6 fxe6 12. Nb5 d5 13. Bf4 dxc4 14. Nc7 Nd5 15. Nxe8 Qxe8 16. Bxd5 exd5 17. Qxd5+ Qf7 18. Qxf7+ Kxf7 19. Rfd1 Ke8 20. Rab1 b5 21. Rd5 Bd4 22. e3 Ne7 23. Rd6 Bg7 24. Kf1 b4 25. Ra6 Nd5 26. Bd6 c3 27. e4 Nb6 28. bxc3 Nc4 29. Ke2 Nxd6 30. Rxd6 Bxc3 31. Kd3 Ke7 32. Rd5 Rc8 33. Kc4 Bd4 34. f4 a5 35. Rd1 a4 36. Rd3 Rb8 37. R5xd4 cxd4 38. Rxd4 b3 39. axb3 Rxb3 40. Rd3 Rb2 41. h4 Ra2 42. Kd5 a3 43. Ke5 Ra1 44. Rb3 Kd7 45. Rb7+ Kc6 46. Ra7 Kb6 47. Ra8 Kb5 48. Kf6 Kb4 49. e5 Rc1 50. e6 Rc6 51. Kf7 Kb3 52. e7 1-0